000 00720nab a2200193 4500
001 244442
003 OSt
005 20240716084737.0
007 tu
008 200917s2020|||||||
040 _aDE-2950
_cDE-2950
245 0 0 _aWie die Viadrina die Ukraine-Politik mitprägt
_bPolitik. Der Expertise aus Frankfurt (Oder) kommt auch beim Wiederaufbau der Ukraine eine wichtige Rolle zu. Auch die Erfahrungen mit Polen sind dafür eine Basis, sagt Dr. Susann Worschech im Interview/
_cLeonard Palm
264 _c2024
653 _aFrankfurt (Oder)
653 _aUkraine-Politik
653 _aViadrina
773 0 _g35. Jahrgang (2024) Nr. 160 vom 11.07.2024, S. 17 mit Foto
_tMärkische Oderzeitung
942 _2z
_cA
999 _c373253
_d373253